Annual report 1963-64 / (Record no. 5757)
[ view plain ]
| 000 -LEADER | |
|---|---|
| fixed length control field | 00354cam a2200145ua 4500 |
| 041 ## - LANGUAGE CODE | |
| Language code of text/sound track or separate title | eng |
| 082 ## - DEWEY DECIMAL CLASSIFICATION NUMBER | |
| Classification number | 388.06 |
| Item number | KVI/AN |
| 100 ## - MAIN ENTRY--AUTHOR NAME | |
| Personal name | KVIC, . |
| 245 00 - TITLE STATEMENT | |
| Title | Annual report 1963-64 / |
| 260 ## - PUBLICATION, DISTRIBUTION, ETC. (IMPRINT) | |
| Place of publication | Bombay : |
| Name of publisher | Directorate of publicity KVIC , |
| Year of publication | 1965. |
| 300 ## - PHYSICAL DESCRIPTION | |
| Number of Pages | 115 ; . |
| 942 ## - ADDED ENTRY ELEMENTS (KOHA) | |
| Koha item type | Books |
| Withdrawn status | Lost status | Damaged status | Home library | Current library | Date acquired | Full call number | Accession Number | Koha item type | Public note |
|---|---|---|---|---|---|---|---|---|---|
| Withdrawn | Damaged | KAUAET | Malayalam University | 07/04/2012 | 388.06 | 8602 | Books | Transferred to Malayalam University |
